Proust et le style
Gardado en:
| Autor Principal: | |
|---|---|
| Formato: | Libro |
| Idioma: | francés |
| Publicado: |
París
Lettres Modernes
1970
|
| Edición: | 1a. ed |
| Series: | Situation, 21
|
| Subjects: | |
| Tags: |
Engadir etiqueta
Sen Etiquetas, Sexa o primeiro en etiquetar este rexistro!
|
MARC
| LEADER | 00000cam a2200000 a 4500 | ||
|---|---|---|---|
| 001 | UCE2530 | ||
| 003 | CL-VaPUC | ||
| 008 | 140710e19700000fr |||||||||||||||||fre|d | ||
| 082 | 0 | 4 | |a 843 |b MIL |2 21 |
| 100 | |a Milly, Jean |e autor |9 574997 | ||
| 245 | 1 | 0 | |a Proust et le style |
| 250 | |a 1a. ed | ||
| 300 | |a 146 p | ||
| 942 | |c BK | ||
| 945 | |d 20140710 11:54:00 |a dcastane | ||
| 260 | |a París |b Lettres Modernes |c 1970 | ||
| 600 | 0 | 7 | |a PROUST, MARCEL |2 CL-VaPUC |9 316221 |
| 650 | 7 | |a ENSAYOS FRANCESAS |2 CL-VaPUC |9 321036 | |
| 650 | 0 | |a Ensayos franceses |9 265511 | |
| 650 | 0 | |a Literatura francesa |9 266330 | |
| 583 | |a last modification |c 20140710 11:54:00 |k Rodrigo Vera | ||
| 490 | 0 | |a Situation, 21 | |
| 999 | |c 356120 |d 356118 | ||
| 952 | |0 0 |1 0 |3 erb |4 0 |6 843_000000000000000_MIL_1970 |7 0 |8 A |9 463262 |a BIBEDU |b BIBEDU |i 5009936 |o 843 MIL 1970 |p 5009936 |r 2019-11-23 |w 2019-11-23 |y BK |z Catalogado en:20140710 |k LIT | ||